[Event "5th Cesme Open 2017"]
[Site "Cesme"]
[Date "2017.06.18"]
[Round "9.6"]
[White "Haznedaroglu, Kivanc"]
[Black "Sadikhov, Ulvi"]
[Result "1/2-1/2"]
[WhiteElo "2501"]
[BlackElo "2483"]
[Annotator "TA RC"]
[PlyCount "108"]
[EventType "swiss"]
[EventCountry "TUR"]
[SourceTitle "playchess.com"]
[Source "ChessBase"]
[SourceQuality "1"]

{[%evp 23,108,3,17,9,18,0,20,19,25,11,19,0,13,20,31,11,56,17,54,-33,40,55,60,28,26,8,8,22,26,21,17,11,20,20,25,-64,-14,-14,-8,-10,-12,-20,0,-76,-28,-58,-59,-93,-106,-89,-100,-103,-91,-108,-108,-122,-120,-120,-119,-119,-116,-120,-100,-105,-97,-107,-94,-93,0,0,0,0,0,0,0,0,0,0,0,0,0,0,0,0,8,8,90]} 1. c4 Nf6 2. Nf3 g6 3. g3 Bg7 4. Bg2 O-O 5. d4 d6 6. O-O c6 7. Nc3 Bf5 8. b3 Ne4 9. Bb2 Nxc3 10. Bxc3 Be4 11. Qd2 d5 12. Qe3 {E62: King's Indian: Fianchetto: 6...c6 and Panno Variation (6...Nc6) without ...a6} Nd7 {LiveBook: 25 Games} 13. Rac1 (13. Bh3 Bxf3 14. Qxf3 Nf6 {½-½ (14) Yilmaz,M (2603)-Ipatov,A (2648) Gjakova 2016}) 13... Re8 $146 ({Predecessor:} 13... e6 14. Rfd1 Nf6 15. h3 a5 16. Bf1 Bxf3 17. Qxf3 Ne4 18. Be1 f5 19. e3 g5 20. Bg2 Qe8 21. Qe2 Qg6 22. Qd3 f4 23. exf4 gxf4 24. Rc2 fxg3 25. fxg3 Rf7 26. Re2 Qh6 {½-½ (26) Lirindzakis,T (2370)-Mastrokoukos,G (2320) Heraklio 1993}) 14. Rfd1 Nf6 15. Bh3 Bxf3 16. exf3 e6 17. f4 Nd7 18. Bf1 Rc8 19. c5 Qc7 20. h4 Re7 21. h5 (21. Bd3 $14) 21... f6 (21... gxh5 $15 22. Bd3 h4) 22. hxg6 $14 hxg6 23. Bh3 Rce8 24. Re1 e5 25. f5 exd4 26. Qxd4 Rxe1+ 27. Rxe1 Rxe1+ 28. Bxe1 g5 29. Bg2 (29. Bc3 $11) 29... Bf8 (29... Qe5 {with more complications.} 30. Bc3 Qxf5 31. Bf1 Ne5 32. Qd1 Bf8) 30. b4 $1 Qe5 $36 {[%mdl 2048] Black has good play.} 31. Qxe5 Nxe5 $11 {[%mdl 4096] Endgame KBB-KBN} 32. Bc3 Kf7 33. Kf1 (33. Bf1 $11 {remains equal.}) 33... Nc4 (33... a5 $5 34. b5 Bxc5 35. Bxa5 Ng4 $15) 34. Ke2 a5 $1 35. bxa5 Bxc5 36. Bf1 Nd6 37. g4 Nb5 38. Bb2 Bb4 39. Ke3 {With the idea Bxb5.} Nc7 (39... Bxa5 40. Bxb5 cxb5 41. Kd4 $14) 40. f4 Bxa5 41. fxg5 fxg5 42. Kd4 Bb4 43. a4 Be7 {[#] And now ...Bf6+ would win.} 44. Bc1 Kf6 45. Bb2 c5+ ({Black should play} 45... Ne8 $17) 46. Ke3+ {The position is equal.} Kf7 47. Be5 Na6 48. Bg2 Nb4 49. Bc7 Kf6 50. Kd2 Kg7 51. Ba5 Nc6 52. Bc7 Nb4 53. Bf3 Bf6 54. Ba5 Be5 {Precision: White = 51%, Black = 42%.} ({But not} 54... Nc6 $6 55. Bb6 $16) (54... b6 $11 55. Bxb4 (55. Bxb6 c4 $11) 55... cxb4) 1/2-1/2

[Event "5th Cesme Open 2017"]
[Site "Cesme"]
[Date "2017.06.18"]
[Round "9.7"]
[White "Rzayev, Bahruz"]
[Black "Baklan, Vladimir"]
[Result "0-1"]
[WhiteElo "2392"]
[BlackElo "2606"]
[Annotator "TA"]
[PlyCount "98"]
[EventType "swiss"]
[EventCountry "TUR"]
[SourceTitle "playchess.com"]
[Source "ChessBase"]
[SourceQuality "1"]

{[%evp 9,97,14,14,17,21,16,27,5,19,13,15,16,20,14,9,9,0,21,15,19,33,16,16,16,14,12,32,29,16,11,160,17,8,16,26,0,0,0,0,-7,-7,-7,-7,-7,-11,-14,-3,-57,-63,-109,-109,-117,-109,-109,-109,-118,-118,-115,-104,-124,-118,-271,-264,-264,-258,-258,-243,-242,-250,-252,-235,-239,-225,-225,-211,-404,-404,-12835,-12826,-12825,-12820,-12833,-12808,-12833,-1328,-1564,-425,-29998,-29999,-29999]} 1. e4 c5 2. Nf3 d6 3. Bb5+ Nd7 4. O-O a6 5. Bd3 Ngf6 6. c3 {B51: Sicilian: Moscow Variation (3 Bb5+) without 3...Bd7} (6. Re1 e6 7. c3 b5 8. a4 Bb7 9. Bc2 c4 10. d4 cxd3 11. Qxd3 Nc5 12. Qe2 bxa4 {1-0 (25) Vachier Lagrave,M (2796)-Giri,A (2771) Stavanger 2017}) 6... e6 7. Bc2 b5 8. d4 {White has an edge.} Be7 9. Re1 Bb7 10. e5 dxe5 11. dxe5 Nd5 12. Nbd2 Qc7 $146 ({Predecessor:} 12... c4) 13. Ne4 h6 14. a4 Rd8 15. axb5 axb5 16. Qe2 c4 17. Ng3 Nc5 18. Nd4 Qb6 19. Ne4 g6 (19... Nxe4 $11 20. Bxe4 Bc5) 20. Bd2 (20. Nxc5 $1 $16 Bxc5 21. Nxb5 $1 {[%mdl 512]}) 20... Nxe4 $11 21. Bxe4 Bc5 22. Rad1 Ne7 23. Bxb7 Qxb7 24. Be3 {Threatens to win with Nxe6!} Bxd4 25. Rxd4 Rxd4 26. Bxd4 O-O 27. Bc5 Rd8 28. Bxe7 (28. Rd1 $11 Nd5 29. g3) 28... Qxe7 $15 29. Rd1 Rxd1+ 30. Qxd1 $17 {[%mdl 4096] Endgame KQ-KQ} Qg5 31. Qe1 {[#]} Qf5 $1 32. g3 Qc2 33. Qa1 Qe4 34. Qc1 Qxe5 35. Qxh6 $2 {[#]} (35. Qd2 $17) 35... Qe1+ $1 $19 36. Kg2 Qe4+ 37. Kh3 Qe2 38. Qg5 Qf1+ ({Less strong is} 38... Qxf2 39. Qxb5 Qf1+ 40. Kg4 $15) ({Weaker is} 38... Qxb2 39. Qd8+ Kh7 40. Qh4+ Kg8 41. Qd8+ Kh7 42. Qf6 $11) 39. Kg4 Qxf2 40. Qxb5 Qxh2 41. Qxc4 Qxb2 42. Qc8+ $2 (42. Kf3 {only move.}) 42... Kg7 43. c4 (43. Kf3 $142 Qb5 44. Qc7) 43... Qf2 44. Kh3 Qf3 45. Qc7 Qh1+ 46. Kg4 Qe4+ (46... Qf1 $142 47. Qe5+ Qf6) 47. Kh3 e5 {( -> ...Qh1+)} 48. c5 (48. Kh2 $19 Qe2+ 49. Kg1) 48... Qh1+ 49. Kg4 Qh5# {Precision: White = 40%, Black = 60%.} 0-1

[Event "5th Cesme Open 2017"]
[Site "Cesme"]
[Date "2017.06.18"]
[Round "9.8"]
[White "Drazic, Sinisa"]
[Black "Yildiz, Betul Cemre"]
[Result "1-0"]
[WhiteElo "2426"]
[BlackElo "2350"]
[Annotator "TA"]
[PlyCount "117"]
[EventType "swiss"]
[EventCountry "TUR"]
[SourceTitle "playchess.com"]
[Source "ChessBase"]
[SourceQuality "1"]

{[%evp 11,117,-16,0,-14,-18,-128,-131,-118,6,-32,-38,-112,-104,-111,19,0,14,5,13,0,6,0,11,13,16,0,0,0,0,0,45,40,42,47,46,48,39,34,30,33,27,0,0,0,6,6,41,60,57,57,51,59,56,39,116,93,126,128,123,106,130,127,124,94,193,190,197,139,137,98,343,343,361,361,353,241,376,359,465,487,500,468,477,422,478,493,479,452,497,405,396,391,564,480,1155,8758,12827,6813,4914,1867,12845,12838,12838,12839,12838,12838,12839,12839]} 1. b3 e5 {[%cal Be7e5,Be5e4][%mdl 32]} 2. Bb2 Nc6 3. c4 Nf6 4. Nf3 (4. e3 g6 5. d3 Bg7 6. Nf3 d6 7. Be2 O-O 8. a3 Nd7 9. Nc3 a5 10. O-O Re8 11. Nd2 Nc5 12. Nd5 {½-½ (39) Topalov,V (2761)-Aronian,L (2792) Paris 2016}) 4... e4 5. Nd4 Bc5 6. e3 {A01: Nimzowitsch-Larsen Opening} O-O {LiveBook: 4 Games} (6... Bxd4 $5 7. exd4 d5 $15) 7. Nxc6 dxc6 8. d4 (8. Be2 $11) 8... exd3 $1 $17 9. Bxd3 Qd6 ({Black should play} 9... Ng4 $1 $17 {Threatens to win with ...Re8.} 10. O-O Qd6) 10. h3 $146 ({Don't blunder} 10. Bxf6 $2 Qxf6 11. Nd2 Rd8 $19) ({Predecessor:} 10. Nc3 Bg4 11. Be2 Qe6 {½-½ (26) Djosic,S (2255)-Orlov,P (2238) Belgrade 2010}) 10... Rd8 11. Ke2 (11. Bc2 $15) 11... Qe7 $1 12. Qc2 h6 ({Better is} 12... Nh5 $1 $17 13. Bxh7+ Kf8) 13. Nd2 (13. Rd1 {is more complex.} Bd7 14. Nc3 Bd6 15. Kf1 Re8 16. Rd2) 13... Ba3 (13... Bd4 $5) 14. Bxa3 Qxa3 15. Rhd1 Be6 16. Ne4 Nxe4 17. Bxe4 Qc5 18. g4 Rf8 19. Bh7+ Kh8 20. Bf5 Rad8 21. Rxd8 Rxd8 22. Bxe6 fxe6 $14 {[%mdl 4096] Endgame KQR-KQR} 23. Rd1 Rd6 24. h4 Qe5 25. Rh1 Kg8 26. Rh3 Rd8 27. g5 hxg5 28. hxg5 {Threatening Qh7+.} Qf5 29. Qxf5 exf5 {KR-KR} 30. g6 Rd6 $1 31. Rg3 Kf8 32. Rg5 Rf6 (32... Ke7 $14) 33. Kf3 $16 Ke7 34. Kf4 Ke6 35. f3 a5 36. Rh5 Rxg6 37. Rxf5 b6 {[#]} (37... a4 $16) 38. Rg5 $1 $18 {[%cal Rg5g6]} Rf6+ 39. Ke4 (39. Kg4 $18) 39... g6 $16 40. f4 Kd6 $2 {[#]} (40... Ke7 $16 {was necessary.}) 41. Kf3 $1 $18 Re6 42. e4 {[%cal Be3e4,Be4e5][%mdl 32]} Ke7 43. Rg2 Kf7 (43... b5 {is a better defense.} 44. Rg5 a4 45. bxa4 (45. cxb5 axb3 46. axb3 cxb5 $18) 45... bxa4) 44. Rh2 Kg7 45. e5 Re7 46. Rd2 Kf7 47. Ke4 Ke6 48. Rg2 Kf7 49. Rh2 Kg7 50. Rd2 Kf7 51. Rd8 Kg7 (51... Ke6 $142 52. c5 b5) 52. a3 {White is clearly winning.} Kf7 (52... b5 $142 53. Ra8 Kf7 54. Rxa5 bxc4 55. bxc4 Ke6) 53. f5 gxf5+ 54. Kxf5 c5 55. Rc8 a4 56. bxa4 c6 57. a5 Rb7 58. Rxc6 bxa5 59. Rxc5 {Precision: White = 66%, Black = 34%.} 1-0

[Event "5th Cesme Open 2017"]
[Site "Cesme"]
[Date "2017.06.18"]
[Round "9.9"]
[White "Morchiashvili, Bachana"]
[Black "Guseynov, Alihan"]
[Result "1/2-1/2"]
[WhiteElo "2403"]
[BlackElo "2346"]
[Annotator "ChessBase"]
[PlyCount "91"]
[EventType "swiss"]
[EventCountry "TUR"]
[SourceTitle "playchess.com"]
[Source "ChessBase"]
[SourceQuality "1"]
[TimeControl "5400+30"]

1. d4 Nf6 2. Nf3 e6 3. c4 Bb4+ 4. Nbd2 O-O 5. a3 Be7 6. e4 d6 {[%emt 0:04:30] ]15]} 7. h3 {[%emt 0:12:30] ]15]]} c5 {[%emt 0:07:30] ]15]]} 8. d5 {[%emt 0:04:30] ]15]} b5 {[%emt 0:07:30] ]1]5} 9. dxe6 {[%emt 0:00:30] ]11]} fxe6 {[%emt 0:04:30] ]11]} 10. cxb5 {[%emt 0:01:30] ]111} d5 {[%emt 0:02:30] ]111} 11. Bd3 {[%emt 0:04:30] ]]11} a6 {[%emt 0:12:30] ]]111 [%clk 0:01:59]} 12. bxa6 {[%emt 0:01:30] ]]111 [%clk 0:00:09]} Bxa6 {[%emt 0:09:30] ]]]1 [%clk 0:01:59]} 13. Bxa6 {[%emt 0:00:30] ]]]11 [%clk 0:00:09]} Nxa6 {[%emt 0:00:30] ]]]11 [%clk 0:01:59]} 14. Qe2 {[%emt 0:06:30] [%clk 1:04]1::5 [%clk 0:00:09]} Nxe4 {[%emt 0:12:30] %[clkk [%clk 0:01:59]} 15. Nxe4 {[%emt 0:02:30] %[cl [%clk 0:17:17] 0[l [%clk 0:00:09]} dxe4 {[%emt 0:00:30] %[c [%clk 0:11:52] ][0 [%clk 0:01:59]} 16. Qxe4 {[%emt 0:02:30] ]%[ [%clk 0:16:54] ][ [%clk 0:00:09]} Qd5 {[%emt 0:00:30] ]%[ [%clk 0:11:52]] [%clk 0:01:59]} 17. Qe2 {[%emt 0:02:30] [%clk 0:59] [%clk 0:16:54] %%15 [%clk 0:00:09]} Nb4 {[%emt 0:10:30] %[c [%clk 0:11:52] 0666 [%clk 0:01:59]} 18. O-O {[%emt 0:01:30] %[c [%clk 0:16:54] 006 [%clk 0:00:09]} Nd3 {[%emt 0:00:30] %[ [%clk 0:11:52]]0 [%clk 0:01:59]} 19. Rd1 {[%emt 0:04:30] %% [%clk 0:16:54]]] [%clk 0:00:09]} Nxc1 {[%emt 0:00:30] %% [%clk 0:11:52]]] [%clk 0:01:59]} 20. Raxc1 {[%emt 0:00:00] %% [%clk 0:16:54]]] [%clk 0:00:09]} Qf5 {[%emt 0:00:30] [%clk 0:26] [%clk 0:11:52] %%15 [%clk 0:01:59]} 21. Nd2 {[%emt 0:09:00] % [%clk 0:46:0] % [%clk 0:16:54] Bf6 ([%clk 0:24:0] [%clk 0:11.52] [[ [%clk 0:13:23] lk [%clk 0:00:09]} Bf6 {[%emt 0:00:00] [%clk 0:16.54]% [%clk 0:11:31] Bf [%clk 0:01:59]} 22. Ne4 {[%emt 0:33:07] c [%clk 0:00:09]} Bd4 {[%emt 0:15:29] c [%clk 0:01:59]} 23. Rc2 {[%emt 0:00:30] c [%clk 0:00:09]} Qe5 {[%emt 0:00:30] c [%clk 0:01:59]} 24. Kh1 {[%emt 0:00:30] c [%clk 0:00:09]} Rab8 {[%emt 0:00:30] [%clk 0:01.59]} 25. Rdd2 {[%emt 0:00:30] ] [%clk 0:00:40]} Rfc8 {[%emt 0:00:30] ] [%clk 0:01:59]} 26. f3 {[%emt 0:00:30] [%clk 0:00.40]} Rb3 {[%emt 0:00:30] ] [%clk 0:01:59]} 27. f4 {[%emt 0:02:43] ] [%clk 0:00:40]} Qd5 {[%emt 0:04:15] ] [%clk 0:01:59]} 28. Rc3 {[%emt 0:05:12] [%clk 0:04.45] % [%clk 0:00:40]} Rbb8 {[%emt 0:02:19] % [%clk 0:01:59]} 29. Ng5 {[%emt 0:06:18]} Qf5 {[%emt 0:04:28]} 30. Rcc2 {[%emt 0:00:30]} Re8 {[%emt 0:00:30]} 31. Qe4 {[%emt 0:00:30]} h6 {[%emt 0:00:30]} 32. Qxf5 {[%emt 0:00:30]} exf5 {[%emt 0:00:30]} 33. Nf3 {[%emt 0:00:30]} Bf6 {[%emt 0:00:30]} 34. Rxc5 {[%emt 0:00:30]} Bxb2 {[%emt 0:00:30]} 35. a4 {[%emt 0:00:30]} Re4 {[%emt 0:00:30]} 36. Rxf5 {[%emt 0:00:30]} Rxa4 {[%emt 0:00:30]} 37. g3 {[%emt 0:00:30]} Ra3 {[%emt 0:00:30]} 38. Kg2 {[%emt 0:00:30]} Bf6 {[%emt 0:00:30]} 39. g4 {[%emt 0:00:30]} Rbb3 {[%emt 0:00:30]} 40. Rf2 {[%emt 0:00:30]} Bd8 {[%emt 0:00:39]} 41. Kg3 {[%emt 0:00:30]} Bh4+ {[%emt 0:00:30]} 42. Kxh4 {[%emt 0:00:30]} Rxf3 {[%emt 0:00:35]} 43. Rxf3 {[%emt 0:00:30]} Rxf3 {[%emt 0:00:33]} 44. Kh5 {[%emt 0:00:30]} Kh7 {[%emt 0:00:52]} 45. g5 {[%emt 0:00:30]} hxg5 {[%emt 0:00:25]} 46. Kxg5 {[%emt 0:00:19]} 1/2-1/2

[Event "5th Cesme Open 2017"]
[Site "Cesme"]
[Date "2017.06.18"]
[Round "9.10"]
[White "Grigoriev, Armen"]
[Black "Arat, Ufuk Sezen"]
[Result "0-1"]
[WhiteElo "2105"]
[BlackElo "2398"]
[Annotator "NA"]
[PlyCount "85"]
[EventType "swiss"]
[EventCountry "TUR"]
[SourceTitle "playchess.com"]
[Source "ChessBase"]
[SourceQuality "1"]
[TimeControl "5400+30"]

{[%evp 8,84,20,17,7,37,25,3,4,5,7,-13,0,-18,0,-38,-39,-22,-21,-44,-16,-34,-9,-47,-39,-37,-29,-34,15,12,23,18,31,38,63,64,49,42,124,150,157,0,0,0,-76,0,0,-23,-72,32767,32767,32767,32767,32767,32767,32767,32767,32767,32767,-247,32767,32767,32767,32767,32767,32767,32767,32767,32767,32767,32767,32767,32767,32767,-825,-704,32767,-29993,-29994]} 1. c4 {[%emt 0:00:30] ]]%][%} e5 {[%emt 0:23:00] ]]%][%} 2. Nf3 {[%emt 0:00:30] ]]%][%} Nc6 {[%emt 0:00:00] ]%]][%} 3. d4 {[%emt 0:00:00] ]]%][%} e4 {[%emt 0:04:00] ]]%][% A20: English Opening: 1...e5} (3... d6 4. Nc3 g6 5. e3 Bg7 6. Be2 exd4 7. Nxd4 Nxd4 8. exd4 Ne7 9. O-O O-O 10. Re1 Nf5 11. d5 Nd4 12. Bd3 Bd7 13. Ne2 Qh4 {0-1 (46) Rakhmanov,A (2667)-Andreikin,D (2737) Tallinn 2016}) 4. Nfd2 {[%emt 0:00:00] ]]%][%} Nxd4 {[%emt 0:04:30] ]]%]]%} 5. Nxe4 {[%emt 0:00:30] ]]%]]%} Ne6 {[%emt 0:00:30] ]]%]]%} 6. Nbc3 {[%emt 0:00:30] ]%%%]%} g6 $146 {[%emt 0:03:30] ]]%%]%} ({Predecessor:} 6... Be7 7. g3 Nf6 8. Bg2 O-O 9. O-O d6 10. f4 Nxe4 11. Nxe4 {½-½ (57) Arnstam,K-Lundin,E Gothenburg 1964}) 7. e3 {[%emt 0:02:30] ]]%%]%} Bg7 {[%emt 0:03:30] ]]%%%%} 8. Bd2 {[%emt 0:03:30] ]]%%%%} d6 {[%emt 0:00:30] ]]%%%} (8... f5 $5 9. Ng3 $8 Ne7 $11) 9. Be2 {[%emt 0:00:00] ]]%%%%} f5 {[%emt 0:06:30] ]]%%%%} 10. Ng3 {[%emt 0:00:00] ]]%%%} Nf6 {[%emt 0:00:00] ]]%%%%} 11. Rc1 {[%emt 0:01:30] ]]%%%%} h5 {[%emt 0:01:00] ]]%%%} 12. h3 {[%emt 0:00:30] ]]]%%%} O-O {[%emt 0:04:30] ]]]]%%} 13. Qc2 {[%emt 0:11:30] ]]]]%} a5 {[%emt 0:02:30] ]]]]]%} 14. Rd1 {[%emt 0:08:30] ]]]]]%} c6 {[%emt 0:06:30] [%clk 0:37]]615[} 15. Bc1 {[%emt 0:09:30] % [%clk 0:58:0] %%]} Nc5 {[%emt 0:03:30] % [%clk 0:10:53]} 16. Bd3 {[%emt 0:10:30] % [%clk 0:11:13]]} Nfd7 {[%emt 0:04:30] [%clk 0:30] ] [%clk 0:10:53]1} 17. Na4 {[%emt 0:06:30] % [%clk 0:42:0]] [%clk 0:11.01]1} Ne6 {[%emt 0:05:30] [%clk 0:10.53] [%} 18. O-O {[%emt 0:02:30] [%clk 0:11.01]} Ne5 {[%emt 0:02:30] [%clk 0:10.53]} 19. b3 {[%emt 0:04:30] [%clk 0:11.01]]} f4 {[%emt 0:04:21] ccl [%clk 0:10:53] 01} 20. exf4 {[%emt 0:07:30] ]] [%clk 0:11:01] 35} Nd4 {[%emt 0:00:01] ccl [%clk 0:10:53] 01 [#]} 21. Qb1 $1 {[%emt 0:00:30] 8] [%clk 0:11:01] 35} Nef3+ $1 {[%emt 0:01:43] [%clk 0:10.53]} 22. gxf3 {[%emt 0:01:30] 2] [%clk 0:11:01]} Bxh3 {[%emt 0:02:52] [%clk 0:10.53] [#]} (22... Nxf3+ $14 23. Kg2 Nh4+ 24. Kh1 Bxh3 25. Bxg6 b5) 23. Be4 $1 {[%emt 0:02:30] ]3 [%clk 0:11:01]} (23. Bxg6 {leads to mate.} Nxf3+ 24. Kh1 Qh4 25. Bf7+ Rxf7 26. Qh7+ Kxh7 27. Nf5 Bxf5+ 28. Kg2 Qh3#) 23... h4 {[%emt 0:01:16] [%clk 0:10.53] [#]} 24. Rfe1 {[%emt 0:01:30] 7] [%clk 0:11:01]} ({Better is} 24. Kh2 $1 $16 {[%cal Rh2h3]} Bxf1 25. Nxf1) 24... hxg3 {[%emt 0:03:11] ] [%clk 0:10:53]} 25. fxg3 {[%emt 0:00:00] 6 [%clk 0:23:0]] [%clk 0:11.01]} d5 {[%emt 0:00:25] cl [%clk 0:10:53] :0} 26. Kh2 {[%emt 0:06:00] ]1 [%clk 0:11:01] 5} dxe4 {[%emt 0:00:47] cc [%clk 0:10:53] :0} 27. Kxh3 {[%emt 0:00:00] 4 [%clk 0:10:55] .]} exf3 {[%emt 0:01:36] c [%clk 0:11:18] [ [%clk 0:10:53] cc} 28. g4 {[%emt 0:10:07] c} Kf7 {[%emt 0:00:55]} 29. Kg3 {[%emt 0:02:49]} Rh8 {[%emt 0:00:20] ]} 30. Rh1 {[%emt 0:00:18] ]} Bf6 {[%emt 0:00:28] [%clk 0:08.59]} 31. g5 {[%emt 0:03:59] [} Bg7 {[%emt 0:02:36] [} 32. Be3 {[%emt 0:00:01] [%clk 0:01.34] [%clk 0:06.47]} Rxh1 {[%emt 0:05:00]} 33. Rxh1 {[%emt 0:04:42]} Nf5+ {[%emt 0:00:30]} 34. Kxf3 {[%emt 0:00:30]} Nxe3 {[%emt 0:00:30]} 35. Kxe3 {[%emt 0:00:30]} Qd4+ {[%emt 0:00:30]} 36. Kf3 {[%emt 0:00:30]} Re8 {[%emt 0:00:30]} 37. Re1 {[%emt 0:00:30]} Rh8 {[%emt 0:00:30]} 38. Qe4 {[%emt 0:00:30]} Qd7 {[%emt 0:00:30]} 39. f5 {[%emt 0:00:30]} gxf5 {[%emt 0:00:30]} 40. Qe2 {[%emt 0:00:30] [#]} f4 $1 {[%emt 0:00:30]} 41. g6+ {[%emt 0:00:30]} Kf8 {[%emt 0:00:30]} 42. Ke4 {[%emt 0:00:30]} Rh3 {[%emt 0:00:32]} 43. Nc5 {[%emt 0:02:04]} 0-1

[Event "5th Cesme Open 2017"]
[Site "Cesme"]
[Date "2017.06.18"]
[Round "9.11"]
[White "Rahmanov, Shahriyar"]
[Black "Bilyap, Enis"]
[Result "1-0"]
[WhiteElo "2353"]
[BlackElo "2017"]
[Annotator "NA"]
[PlyCount "55"]
[EventType "swiss"]
[EventCountry "TUR"]
[SourceTitle "playchess.com"]
[Source "ChessBase"]
[SourceQuality "1"]
[TimeControl "5400+30"]

{[%evp 8,49,28,33,33,21,54,43,57,2,29,27,31,24,25,20,42,-2,16,0,11,-1,16,14,24,0,25,22,17,14,16,22,29,32767,32767,32767,32767,32767,32767,32767,32767,32767,32767,399]} 1. Nf3 {[%emt 0:00:30]} d6 {[%emt 0:01:00]} 2. d4 {[%emt 0:00:30]} Bg4 {[%emt 0:00:30]} 3. Nbd2 {[%emt 0:02:30]} Nf6 {[%emt 0:04:00] ]]%]c} 4. h3 {[%emt 0:12:00] ]]%]c} Bxf3 {[%emt 0:05:30] ]]%]c} 5. Nxf3 {[%emt 0:05:30] ]]%]c} e6 {[%emt 0:07:30] ]]%]c} 6. Qd3 {[%emt 0:12:30] ]]]cc} c6 {[%emt 0:05:30] ]]]]c} 7. e4 {[%emt 0:02:30] ]]]]c} d5 {[%emt 0:06:30] ]]]]c} 8. Nd2 {[%emt 0:17:30] [%clk 0:44]8]115} Be7 {[%emt 0:17:30] % [%clk 0:48:0]15} 9. Be2 {[%emt 0:08:30] %%} dxe4 {[%emt 0:06:30] ]%} 10. Nxe4 {[%emt 0:00:30] ]%} Nbd7 {[%emt 0:03:30] ]%} 11. O-O {[%emt 0:01:30] ]%} O-O {[%emt 0:01:30] ]%} 12. Ng3 {[%emt 0:02:30] [%clk 0:33] ]115} c5 {[%emt 0:07:30] % [%clk 0:31:0]115} 13. dxc5 {[%emt 0:13:30] %} Nxc5 {[%emt 0:01:30] ]%} 14. Qf3 {[%emt 0:00:00] ]%} Qb6 {[%emt 0:10:31] cclk} 15. Rb1 {[%emt 0:01:00] 9]} Rac8 {[%emt 0:06:36] [%clk 0:12.29] ][} 16. Be3 {[%emt 0:07:16] [[ll} Qc6 {[%emt 0:01:37] [[[l} 17. Qxc6 {[%emt 0:01:07] [[[l} Rxc6 {[%emt 0:00:22] [ [%clk 0:12:43] [} 18. Bf3 {[%emt 0:05:56] [[[} Rc7 {[%emt 0:00:54] [%clk 0:11.35] ]} 19. Rfd1 {[%emt 0:01:50] [%} b6 {[%emt 0:01:03] [} 20. Bf4 {[%emt 0:02:06] ]} Rcc8 {[%emt 0:05:19] ]} 21. Ne2 {[%emt 0:00:43]} Rfd8 {[%emt 0:01:48] ]} 22. Nd4 {[%emt 0:00:02] ]} Nd5 {[%emt 0:01:31] ]} 23. Bg3 {[%emt 0:00:17] [%clk 0:05.00] ]} Bf6 {[%emt 0:04:09] %} 24. Nb5 {[%emt 0:00:13] [%clk 0:06.07]} Be7 {[%emt 0:01:29]} 25. Nxa7 $18 {[%emt 0:00:00]} Ra8 {[%emt 0:00:30]} 26. Nc6 {[%emt 0:00:00]} Re8 {[%emt 0:00:30]} 27. Nxe7+ {[%emt 0:00:23]} Rxe7 {[%emt 0:00:30]} 28. c4 {[%emt 0:00:30]} 1-0

[Event "5th Cesme Open 2017"]
[Site "Cesme"]
[Date "2017.06.18"]
[Round "9.12"]
[White "Abdullayev, Azer"]
[Black "Malakhatko, Vadim"]
[Result "0-1"]
[WhiteElo "2006"]
[BlackElo "2518"]
[Annotator "TA"]
[PlyCount "124"]
[EventType "swiss"]
[EventCountry "TUR"]
[SourceTitle "playchess.com"]
[Source "ChessBase"]
[SourceQuality "1"]

{[%evp 19,124,-16,15,16,14,-5,13,-6,-14,-10,-8,-20,0,0,3,15,17,-48,-44,-106,51,60,50,46,109,70,103,96,105,99,128,114,143,35,60,40,56,16,21,17,24,0,0,-5,0,0,0,-16,-8,-11,-8,-15,-13,-48,-47,-72,-73,-80,-80,-80,-79,-349,-278,-1312,-1420,-926,-1571,-1491,-1391,-5595,-4631,-5197,-5695,-1235,-1513,-627,-3546,-29949,-1197,-29949,-29951,-29956,-29958,-29958,-29961,-29964,-29967,-29964,-29968,-29969,-29970,-29976,-29977,-29980,-29981,-29980,-29976,-29976,-29977,-29977,-29978,-29978,-29979,-29979,-29977,-29995,-5628]} 1. e4 c5 2. Nf3 Nc6 3. d4 cxd4 4. Nxd4 e6 5. Nc3 Qc7 6. Be3 a6 7. a3 b5 8. Be2 Bb7 9. O-O Nf6 10. f4 d6 (10... Bc5 $5 {[%cal Rc7b6]} 11. Nf5 Ne7 12. Bxc5 Qxc5+ 13. Qd4 Qxd4+ 14. Nxd4 Nxe4 $17) 11. Nxc6 {B49: Sicilian: Taimanov: 5 Nc3 Qc7 6 Be3 a6 7 Be2} (11. Bf3 Be7 12. f5 Nxd4 13. Qxd4 O-O 14. fxe6 fxe6 15. Rad1 Nd7 16. Bg4 Nc5 17. b4 e5 18. Nd5 Rxf1+ 19. Rxf1 {1-0 (63) Savchenko,B (2602)-Dubov,D (2624) Moscow 2013}) 11... Bxc6 12. Bf3 (12. f5 $5 {[%cal Rf5e6]}) 12... Rc8 13. Qe2 {The position is equal.} Be7 14. Rad1 O-O 15. g4 $146 ({Predecessor:} 15. Kh1 Qb7 16. e5 dxe5 17. fxe5 Nd7 18. Bd4 Bxf3 19. Qxf3 Qxf3 20. Rxf3 Nb8 21. Rd2 {0-1 (39) Vujovic,R (1969)-Brajovic,R (2243) Cetinje 2008}) 15... Qb7 {[%cal Rf6e4]} 16. Qg2 $1 a5 17. g5 $36 {[%mdl 2048] White is more active.} Nd7 18. Nd5 (18. Ne2 $11) 18... Bd8 $1 $15 ({And not} 18... exd5 19. exd5 Ne5 20. fxe5 $18 (20. dxc6 Nxf3+ 21. Qxf3 Qxc6 $14)) 19. Bd4 {[#]} (19. b4 $15) 19... Bxd5 $2 (19... f5 $1 $17 {[%cal Rf5e4] Threatens to win with ...fxe4.} 20. gxf6 Nxf6 21. Nxf6+ Bxf6) 20. exd5 $14 e5 21. fxe5 dxe5 (21... Nxe5 $14 22. Bxe5 dxe5) 22. d6 $16 Qb8 $1 23. Be3 Bb6 24. Bxb6 Qxb6+ 25. Kh1 Rcd8 26. Rd2 (26. Bd5 $16) 26... Nc5 27. Rfd1 Ne6 28. c3 b4 29. axb4 axb4 30. Qg1 Qxg1+ 31. Rxg1 bxc3 32. bxc3 Rc8 33. Bg4 {Black must now prevent d7.} Rxc3 34. Bxe6 fxe6 $11 {[%mdl 4096] Endgame KRR-KRR} 35. d7 Rd8 36. Re1 Rc5 37. Rde2 Rxd7 38. Rxe5 Rxe5 39. Rxe5 $17 {KR-KR} Kf7 {Strongly threatening ...Rd5.} 40. h4 $2 {[%mdl 8192] [#]} (40. Ra5 $17 {might work better.}) 40... Rd4 $19 41. Kg2 $2 (41. h5) 41... Rxh4 42. Kg3 Rd4 43. g6+ Kxg6 44. Rxe6+ Kf5 45. Re7 Rd3+ 46. Kg2 Kf6 47. Ra7 h5 {[%cal Bh7h5,Bh5h4,Bh4h3][%mdl 32]} 48. Ra5 Kg6 (48... h4 $142 49. Kf2 g5 50. Kg2 h3+ 51. Kh2 g4 52. Ra2 Kg5 53. Rb2 Kf4 54. Rf2+ Ke3 55. Rf8 Rd2+ 56. Kg1 Rd1+ 57. Kh2 Rd2+ 58. Kg1 Rd1+ 59. Kh2 Rd2+) 49. Rb5 h4 {Black mates.} 50. Kh2 Kh6 51. Ra5 g5 {[%cal Bg7g5,Bg5g4,Bg4g3][%mdl 32]} 52. Ra4 Kh5 53. Ra5 h3 54. Ra8 Kh4 55. Rb8 Rd2+ 56. Kh1 g4 57. Rb4 Re2 58. Kg1 Kg3 {[%cal Re2e1]} 59. Rb1 Kf3 60. Rf1+ Ke4 61. Rf8 g3 62. Rf1 h2+ {Precision: White = 32%, Black = 67%.} 0-1